[Event "CZE-ch U20"]
[Site "Kouty nad Desnou"]
[Date "2020.03.08"]
[Round "3"]
[White "Cerny, David"]
[Black "Eret, Jonas"]
[Result "1/2-1/2"]
[WhiteElo "2181"]
[BlackElo "2211"]
[PlyCount "62"]
[EventDate "2020.03.06"]
[EventType "tourn"]
[EventRounds "11"]
[EventCountry "CZE"]
[SourceTitle "CBM 195 Extra"]
[Source "ChessBase"]
[SourceDate "2020.05.31"]
[SourceVersion "1"]
[SourceVersionDate "2020.05.31"]
[SourceQuality "1"]

1. e4 e6 2. d4 d5 3. exd5 exd5 4. c4 c6 5. cxd5 cxd5 6. Bb5+ Bd7 7. Qe2+ Qe7 8. Qxe7+ Bxe7 9. Bxd7+ Nxd7 10. Nc3 Ngf6 11. Nf3 0-0 12. 0-0 a6 13. Bg5 h6 14. Bh4 g5 15. Bg3 Rac8 16. a3 Nb6 17. Ne5 Nh5 18. f3 Nxg3 19. hxg3 Rfd8 20. Rfe1 Bf6 21. f4 Kg7 22. Kh2 Rc7 23. Re2 Re7 24. Rae1 Nc4 25. Nd1 Nd6 26. Nf2 gxf4 27. gxf4 h5 28. Rc1 Nf5 29. Rd2 Rde8 30. Rc5 Rd8 31. Rc1 Bh4 1/2-1/2

[Event "CZE-ch U20"]
[Site "Kouty nad Desnou"]
[Date "2020.03.07"]
[Round "2"]
[White "Stinka, Jakub"]
[Black "Cerny, David"]
[Result "1/2-1/2"]
[WhiteElo "2263"]
[BlackElo "2181"]
[PlyCount "132"]
[EventDate "2020.03.06"]
[EventType "tourn"]
[EventRounds "11"]
[EventCountry "CZE"]
[SourceTitle "CBM 195 Extra"]
[Source "ChessBase"]
[SourceDate "2020.05.31"]
[SourceVersion "1"]
[SourceVersionDate "2020.05.31"]
[SourceQuality "1"]

1. d4 Nf6 2. c4 c5 3. d5 e6 4. Nc3 exd5 5. cxd5 d6 6. e4 g6 7. Bd3 Bg7 8. h3 0-0 9. Bg5 a6 10. a4 Nbd7 11. Nf3 Re8 12. 0-0 Qc7 13. Re1 h6 14. Bf4 g5 15. Bh2 Ne5 16. Nxe5 dxe5 17. Bc4 Qd6 18. a5 Bd7 19. Qe2 Nh7 20. Ra3 Nf8 21. Rb3 Rab8 22. Rb6 Qe7 23. Qh5 Qd8 24. Re3 Ng6 25. g3 Kh7 26. Rf3 f6 27. Nd1 Rf8 28. Rc3 Ne7 29. Ra3 Nc8 30. Rbb3 Nd6 31. Ne3 Qc8 32. Qf3 Bb5 33. Qe2 f5 34. exf5 Nxc4 35. Nxc4 Qxf5 36. Rf3 Qb1+ 37. Kg2 e4 38. Rxf8 Rxf8 39. Nd2 Bxe2 40. Nxb1 Rd8 41. Nd2 Bd3 42. Rb3 Rxd5 43. Rxb7 c4 44. Rc7 Rxa5 45. Nxc4 Ra1 46. Ne3 Be2 47. Bg1 Ra5 48. g4 Bf3+ 49. Kg3 Kg6 50. Rc6+ Bf6 51. h4 gxh4+ 52. Kh3 Kg5 53. Bh2 h5 54. gxh5 Bxb2 55. h6 Ra3 56. Bd6 Ra1 57. Be7+ Kh5 58. Rc5+ Kxh6 59. Kxh4 Rg1 60. Nf5+ Kh7 61. Ng3 Rg2 62. Rc7 Kg6 63. Rc6+ Kf7 64. Bc5 Rh2+ 65. Kg5 Bc1+ 66. Kf5 Rh6 1/2-1/2

[Event "CZE-chT2D 1920"]
[Site "Czech Republic"]
[Date "2019.12.15"]
[Round "5.4"]
[White "Cerny, David"]
[Black "Vesely, Tomas"]
[Result "1-0"]
[WhiteElo "2156"]
[BlackElo "2035"]
[PlyCount "63"]
[EventDate "2019.10.13"]
[EventType "team-tourn"]
[EventRounds "11"]
[EventCountry "CZE"]
[SourceTitle "EXT 2024"]
[Source "ChessBase"]
[SourceDate "2023.10.10"]
[SourceVersion "1"]
[SourceVersionDate "2023.10.10"]
[SourceQuality "1"]
[WhiteTeam "Nachod Snezka"]
[BlackTeam "Pardubice Rapid"]
[WhiteTeamCountry "CZE"]
[BlackTeamCountry "CZE"]

1. e4 c5 2. Nf3 e6 3. d4 cxd4 4. Nxd4 Nf6 5. Bd3 Nc6 6. Nxc6 bxc6 7. 0-0 d5 8. Nd2 Bc5 9. e5 Nd7 10. Qg4 0-0 11. Nf3 f5 12. exf6 Nxf6 13. Qh4 Be7 14. Bg5 h6 15. Bxh6 gxh6 16. Qg3+ Kh8 17. Qg6 Ne4 18. Qxh6+ Kg8 19. Qg6+ Kh8 20. Bxe4 dxe4 21. Ne5 Qe8 22. Qxe4 Rg8 23. f4 Rg7 24. Rf3 Bf6 25. Rg3 Rxg3 26. hxg3 Bb7 27. g4 Kg7 28. Kf2 Qe7 29. Rh1 Qc5+ 30. Kg3 Bxe5 31. Rh7+ Kf8 32. fxe5 1-0

[Event "CZE-chT2D 1920"]
[Site "Czech Republic"]
[Date "2019.11.03"]
[Round "2.4"]
[White "Sucharda, David"]
[Black "Cerny, David"]
[Result "1-0"]
[WhiteElo "2047"]
[BlackElo "2156"]
[PlyCount "79"]
[EventDate "2019.10.13"]
[EventType "team-tourn"]
[EventRounds "11"]
[EventCountry "CZE"]
[SourceTitle "EXT 2024"]
[Source "ChessBase"]
[SourceDate "2023.10.10"]
[SourceVersion "1"]
[SourceVersionDate "2023.10.10"]
[SourceQuality "1"]
[WhiteTeam "Lipa"]
[BlackTeam "Nachod Snezka"]
[WhiteTeamCountry "CZE"]
[BlackTeamCountry "CZE"]

1. c4 g6 2. Nc3 Bg7 3. Nf3 c5 4. g3 Nc6 5. Bg2 e6 6. 0-0 Nge7 7. d3 0-0 8. Be3 d6 9. Qd2 Nf5 10. Bf4 e5 11. Bg5 f6 12. Be3 Nxe3 13. Qxe3 f5 14. Rab1 Rb8 15. a3 Nd4 16. b4 f4 17. Qd2 Bg4 18. bxc5 dxc5 19. Nd5 Bxf3 20. Bxf3 Qd7 21. Kg2 Kh8 22. g4 Qd8 23. a4 e4 24. Bxe4 Qh4 25. Bf3 Ne6 26. h3 Bd4 27. Qe1 Ng5 28. Rh1 Rbe8 29. Qf1 Rf7 30. a5 Re6 31. Rb3 Re5 32. Nc3 Bxc3 33. Rxc3 Rfe7 34. Rc2 Nxf3 35. exf3 Re1 36. Qxe1 Rxe1 37. Rxe1 Qd8 38. Rce2 Qxa5 39. Re8+ Kg7 40. g5 1-0

[Event "CZE-chT1E 1920"]
[Site "Czech Republic"]
[Date "2019.10.20"]
[Round "1.4"]
[White "Rabatin, Jakub"]
[Black "Cerny, David"]
[Result "1/2-1/2"]
[WhiteElo "2303"]
[BlackElo "2148"]
[PlyCount "75"]
[EventDate "2019.10.20"]
[EventType "team-tourn"]
[EventRounds "11"]
[EventCountry "CZE"]
[SourceTitle "CBM 192 Extra"]
[Source "Chessbase"]
[SourceDate "2019.11.06"]
[SourceVersion "1"]
[SourceVersionDate "2019.11.06"]
[SourceQuality "1"]
[WhiteTeam "Frydek Mistek II"]
[BlackTeam "Rychnov nad Kneznou"]
[WhiteTeamCountry "CZE"]
[BlackTeamCountry "CZE"]

1. e4 c5 2. Nf3 d6 3. d4 cxd4 4. Nxd4 Nf6 5. Nc3 Nc6 6. Bg5 e6 7. Qd2 a6 8. 0-0-0 Bd7 9. f3 b5 10. Nxc6 Bxc6 11. Kb1 Be7 12. h4 Rc8 13. Ne2 h6 14. Bxf6 Bxf6 15. Qxd6 Qb6 16. Qb4 a5 17. Qe1 b4 18. Nc1 Ba4 19. Nb3 Qc7 20. Qd2 Qe5 21. Qc1 g5 22. Bd3 Bxb3 23. axb3 Ra8 24. g3 Qxg3 25. Rdg1 Qe5 26. hxg5 Bxg5 27. Rxg5 hxg5 28. Rxh8+ Qxh8 29. Qxg5 Kf8 30. e5 Qh1+ 31. Ka2 a4 32. Be4 axb3+ 33. Kxb3 Rb8 34. Qd2 Kg7 35. Qg5+ Kf8 36. Qd2 Kg7 37. Qg5+ Kf8 38. Qd2 1/2-1/2

[Event "Pardubice Czech op-B 30th"]
[Site "Pardubice"]
[Date "2019.07.27"]
[Round "9"]
[White "Yaghy, Ritta"]
[Black "Cerny, David"]
[Result "0-1"]
[WhiteElo "1912"]
[BlackElo "2051"]
[PlyCount "68"]
[EventDate "2019.07.19"]
[EventType "swiss"]
[EventRounds "9"]
[EventCountry "CZE"]
[SourceTitle "EXT 2020"]
[Source "ChessBase"]
[SourceDate "2019.10.17"]
[SourceVersion "1"]
[SourceVersionDate "2019.10.17"]
[SourceQuality "1"]

1. e4 c5 2. Nf3 d6 3. d4 cxd4 4. Nxd4 Nf6 5. Nc3 Nc6 6. f3 e5 7. Nb3 Be6 8. Be3 Be7 9. Qd2 0-0 10. Nd5 Bxd5 11. exd5 Nb8 12. Be2 a5 13. 0-0 a4 14. Nc1 Nbd7 15. c4 Nh5 16. Nd3 g6 17. f4 exf4 18. Nxf4 Nxf4 19. Bxf4 Bf6 20. Rab1 Nc5 21. Kh1 Re8 22. Bf3 Bg7 23. b4 axb3 24. axb3 Ra3 25. Qc2 f5 26. Bc1 Ra8 27. b4 Ne4 28. Bf4 Ra3 29. Rb3 Rxb3 30. Qxb3 Nf2+ 31. Kg1 Bd4 32. Bg3 Ne4+ 33. Kh1 Nxg3+ 34. hxg3 Qg5 0-1

[Event "Pardubice Czech op-B 30th"]
[Site "Pardubice"]
[Date "2019.07.26"]
[Round "8"]
[White "Cerny, David"]
[Black "Sedlacek, Jiri"]
[Result "1/2-1/2"]
[WhiteElo "2051"]
[BlackElo "1893"]
[PlyCount "93"]
[EventDate "2019.07.19"]
[EventType "swiss"]
[EventRounds "9"]
[EventCountry "CZE"]
[SourceTitle "EXT 2020"]
[Source "ChessBase"]
[SourceDate "2019.10.17"]
[SourceVersion "1"]
[SourceVersionDate "2019.10.17"]
[SourceQuality "1"]

1. e4 d5 2. Nc3 d4 3. Nce2 c5 4. Ng3 Nf6 5. Be2 Nc6 6. h3 Qc7 7. d3 h6 8. Bg4 e6 9. N1e2 h5 10. Bf3 h4 11. Nf1 Ne5 12. Bf4 Bd6 13. Bxe5 Bxe5 14. Nd2 Bd6 15. Nc4 Be7 16. a4 Nh7 17. Bg4 Nf6 18. Qd2 Nxg4 19. hxg4 e5 20. f3 Be6 21. g3 0-0-0 22. 0-0-0 hxg3 23. Nxg3 Bxc4 24. dxc4 g6 25. Kb1 Qc6 26. b3 Qf6 27. Qd3 Rh4 28. Ne2 Rdh8 29. Rxh4 Rxh4 30. Nc3 Qh8 31. Nd5 Bd8 32. f4 exf4 33. Nxf4 Rxg4 34. Qf3 Qh4 35. Nd5 Rxe4 36. Qxf7 Re1 37. Rxe1 Qxe1+ 38. Kb2 Qe4 39. Qf8 b6 40. Qg7 d3 41. cxd3 Qxd3 42. Qxa7 Qd2+ 43. Kb1 Qd3+ 44. Kb2 Qd2+ 45. Kb1 Qd3+ 46. Kb2 Qd2+ 47. Kb1 1/2-1/2

[Event "CZE-ch U20"]
[Site "Kouty nad Desnou"]
[Date "2019.03.14"]
[Round "9"]
[White "Hollan, Martin"]
[Black "Cerny, David"]
[Result "1-0"]
[WhiteElo "2363"]
[BlackElo "2098"]
[PlyCount "77"]
[EventDate "2019.03.08"]
[EventType "tourn"]
[EventRounds "11"]
[EventCountry "CZE"]
[SourceTitle "CBM 189 Extra"]
[Source "ChessBase"]
[SourceDate "2019.06.03"]
[SourceVersion "1"]
[SourceVersionDate "2019.06.03"]
[SourceQuality "1"]

1. d4 Nf6 2. c4 c5 3. d5 e6 4. Nc3 exd5 5. cxd5 d6 6. Nf3 g6 7. Bf4 a6 8. a4 Bg7 9. h3 0-0 10. e3 Qc7 11. Be2 Nbd7 12. 0-0 Re8 13. Nd2 Ne5 14. Bh2 Rb8 15. e4 g5 16. Bxe5 Rxe5 17. Nf3 Re8 18. e5 dxe5 19. Nxg5 Bf5 20. f3 Qd7 21. a5 Rbd8 22. Bc4 Bg6 23. Nge4 Nh5 24. Nxc5 Qc7 25. b4 e4 26. N3xe4 Qf4 27. Ra2 Be5 28. g4 Qe3+ 29. Kh1 Bxe4 30. Nxe4 Nf4 31. Re1 Qa7 32. d6 Nxh3 33. Qd5 Re6 34. Qc5 Qxc5 35. Nxc5 Rh6 36. Rxe5 Rdxd6 37. Kg2 Rd1 38. Kg3 Kg7 39. Rh5 1-0

[Event "CZE-ch U20"]
[Site "Kouty nad Desnou"]
[Date "2019.03.10"]
[Round "3"]
[White "Slovak, Kilian"]
[Black "Cerny, David"]
[Result "1/2-1/2"]
[WhiteElo "2249"]
[BlackElo "2098"]
[PlyCount "117"]
[EventDate "2019.03.08"]
[EventType "tourn"]
[EventRounds "11"]
[EventCountry "CZE"]
[SourceTitle "CBM 189 Extra"]
[Source "ChessBase"]
[SourceDate "2019.06.03"]
[SourceVersion "1"]
[SourceVersionDate "2019.06.03"]
[SourceQuality "1"]

1. e4 c5 2. Nf3 d6 3. d4 cxd4 4. Nxd4 Nf6 5. Nc3 Nc6 6. Bg5 e6 7. Qd2 Be7 8. 0-0-0 Nxd4 9. Qxd4 0-0 10. f4 Qa5 11. Be2 a6 12. h4 e5 13. Qe3 Be6 14. a3 exf4 15. Bxf4 Rfd8 16. Bf3 Rac8 17. Nd5 Nxd5 18. exd5 Bf5 19. Be4 Bxe4 20. Qxe4 Bf6 21. Kb1 Qb6 22. Bc1 Re8 23. Qf5 Rc3 24. Rh3 Rxh3 25. Qxh3 Qc5 26. Qd3 Qf2 27. h5 Qxg2 28. Qf5 Qe4 29. Qd7 Qe7 30. Qh3 b5 31. h6 g6 32. Rf1 Be5 33. Qf3 f5 34. Rg1 Qf7 35. Qf2 a5 36. Rd1 b4 37. axb4 axb4 38. Qb6 Ra8 39. Qxb4 Qa7 40. c3 Rb8 41. Qc4 Ra8 42. Kc2 Kf7 43. Re1 Qa4+ 44. Qxa4 Rxa4 45. b4 Kf6 46. Kb3 Ra8 47. c4 g5 48. c5 dxc5 49. bxc5 f4 50. Kc4 g4 51. d6 f3 52. d7 f2 53. Rf1 g3 54. Be3 Ke6 55. Bxf2 gxf2 56. Rxf2 Kxd7 57. Kd5 Re8 58. Rf7+ Kc8 59. Rxh7 1/2-1/2

[Event "CZE-chT1E 1819"]
[Site "Czech Republic"]
[Date "2019.01.20"]
[Round "6.3"]
[White "Cerny, David"]
[Black "Dvorak, Martin"]
[Result "1/2-1/2"]
[WhiteElo "2039"]
[BlackElo "2185"]
[PlyCount "26"]
[EventDate "2018.10.21"]
[EventType "team-tourn"]
[EventRounds "11"]
[EventCountry "CZE"]
[SourceTitle "CBM 188 Extra"]
[Source "ChessBase"]
[SourceDate "2019.02.26"]
[SourceVersion "1"]
[SourceVersionDate "2019.02.26"]
[SourceQuality "1"]
[WhiteTeam "Polabiny III"]
[BlackTeam "Kromeriz"]
[WhiteTeamCountry "CZE"]
[BlackTeamCountry "CZE"]

1. e4 d5 2. exd5 Nf6 3. Nf3 Nxd5 4. Nc3 g6 5. g3 Bg7 6. Bg2 Nc6 7. 0-0 0-0 8. Re1 Nxc3 9. bxc3 e5 10. Rb1 Re8 11. d4 Rb8 12. Bg5 f6 13. Be3 Be6 1/2-1/2

[Event "CZE-chT1E 1819"]
[Site "Czech Republic"]
[Date "2018.12.09"]
[Round "4.4"]
[White "Cerny, David"]
[Black "Lojek, Marek"]
[Result "0-1"]
[WhiteElo "2039"]
[BlackElo "2196"]
[PlyCount "100"]
[EventDate "2018.10.21"]
[EventType "team-tourn"]
[EventRounds "11"]
[EventCountry "CZE"]
[SourceTitle "CBM 187 Extra"]
[Source "ChessBase"]
[SourceDate "2018.11.04"]
[SourceVersion "1"]
[SourceVersionDate "2018.11.04"]
[SourceQuality "1"]
[WhiteTeam "Polabiny III"]
[BlackTeam "Orlova Slavia"]
[WhiteTeamCountry "CZE"]
[BlackTeamCountry "CZE"]

1. d4 Nf6 2. Nf3 c5 3. c3 d5 4. Bf4 Nc6 5. e3 Qb6 6. Qb3 c4 7. Qxb6 axb6 8. h3 e6 9. Be2 b5 10. 0-0 Bd7 11. Nbd2 b4 12. cxb4 Bxb4 13. a3 Be7 14. g4 0-0 15. Ne5 Nxe5 16. Bxe5 Bc6 17. Bxf6 gxf6 18. f4 b5 19. Nf3 Rfb8 20. Kf2 b4 21. axb4 Bxb4 22. g5 fxg5 23. fxg5 Bd6 24. Rxa8 Rxa8 25. h4 Ra2 26. Rb1 Ba4 27. Ne1 Bb4 28. h5 Bxe1+ 29. Kxe1 Bc2 30. Rc1 Rxb2 31. Ra1 Rb1+ 32. Rxb1 Bxb1 33. Kd2 f6 34. g6 hxg6 35. hxg6 Bxg6 36. Bg4 Kf7 37. Bf3 Ke7 38. Kc3 Bd3 39. Bg4 Kf7 40. Kd2 Bf5 41. Bh5+ Kg7 42. Be8 Kh6 43. Bd7 Kg5 44. Kc3 Kg4 45. Kd2 Kf3 46. Bc8 Ke4 47. Bb7 c3+ 48. Kxc3 Kxe3 49. Bc8 Be4 50. Bxe6 f5 0-1

[Event "CZE-chT2D 1819"]
[Site "Czech Republic"]
[Date "2018.12.02"]
[Round "4.5"]
[White "Cerny, David"]
[Black "Tesar, Patrik"]
[Result "0-1"]
[WhiteElo "2121"]
[BlackElo "2041"]
[PlyCount "90"]
[EventDate "2018.10.14"]
[EventType "team-tourn"]
[EventRounds "11"]
[EventCountry "CZE"]
[SourceTitle "EXT 2022"]
[Source "ChessBase"]
[SourceDate "2021.10.06"]
[SourceVersion "1"]
[SourceVersionDate "2021.10.06"]
[SourceQuality "1"]
[WhiteTeam "Kutna Hora"]
[BlackTeam "Kolin"]
[WhiteTeamCountry "CZE"]
[BlackTeamCountry "CZE"]

1. e4 d5 2. Nc3 d4 3. Nce2 e5 4. d3 Bg4 5. g3 Nf6 6. Bg2 Bb4+ 7. Bd2 Bxd2+ 8. Qxd2 c5 9. Qg5 Nc6 10. Qxg7 Rg8 11. Qh6 Nb4 12. Qd2 Qb6 13. Nf3 Bxf3 14. Bxf3 0-0-0 15. 0-0 h5 16. h4 Qe6 17. a3 Nc6 18. b4 Qh3 19. Bg2 Qe6 20. c4 dxc3 21. Nxc3 Nd4 22. Rab1 c4 23. Nd5 Nxd5 24. exd5 Qf6 25. dxc4 Qxh4 26. Qe3 Qf6 27. c5 h4 28. b5 Qg7 29. d6 f5 30. c6 Rxd6 31. cxb7+ Kb8 32. Rbc1 Rdd8 33. Rc5 e4 34. Bxe4 fxe4 35. Qf4+ Kxb7 36. Qxe4+ Kb8 37. Rfc1 Qb7 38. Qxb7+ Kxb7 39. Kg2 hxg3 40. fxg3 Ne2 41. Rc7+ Kb8 42. R1c6 Rdf8 43. Re7 Rxg3+ 44. Kh2 Rf2+ 45. Kh1 Rg1# 0-1

[Event "CZE-chT1E 1819"]
[Site "Czech Republic"]
[Date "2018.10.21"]
[Round "1.4"]
[White "Machlowski, Slawomir"]
[Black "Cerny, David"]
[Result "1/2-1/2"]
[WhiteElo "2097"]
[BlackElo "2039"]
[PlyCount "56"]
[EventDate "2018.10.21"]
[EventType "team-tourn"]
[EventRounds "11"]
[EventCountry "CZE"]
[SourceTitle "CBM 187 Extra"]
[Source "ChessBase"]
[SourceDate "2018.11.04"]
[SourceVersion "1"]
[SourceVersionDate "2018.11.04"]
[SourceQuality "1"]
[WhiteTeam "Rychnov nad Kneznou"]
[BlackTeam "Polabiny III"]
[WhiteTeamCountry "CZE"]
[BlackTeamCountry "CZE"]

1. g3 g6 2. Bg2 Bg7 3. c4 Nf6 4. Nc3 0-0 5. Nf3 d6 6. 0-0 e5 7. d3 Nbd7 8. Bd2 Nh5 9. b4 f5 10. Qb3 Kh8 11. Ng5 Ndf6 12. c5 Qe7 13. cxd6 cxd6 14. Nd5 Nxd5 15. Bxd5 h6 16. Ne6 Bxe6 17. Bxe6 Rae8 18. Bd5 Nf6 19. Rac1 Nxd5 20. Qxd5 Rf7 21. Be3 a6 22. b5 axb5 23. Qxb5 Qd7 24. Qb3 Kh7 25. Rb1 Qe6 26. Rfc1 Qxb3 27. Rxb3 Ra8 28. Rc2 d5 1/2-1/2

[Event "Pardubice Czech op-A 29th"]
[Site "Pardubice"]
[Date "2018.07.23"]
[Round "4"]
[White "Cerny, David"]
[Black "Maltsevskaya, Aleksandra"]
[Result "0-1"]
[WhiteElo "1962"]
[BlackElo "2261"]
[PlyCount "80"]
[EventDate "2018.07.20"]
[EventType "swiss"]
[EventRounds "9"]
[EventCountry "CZE"]
[SourceTitle "CBM 185 Extra"]
[Source "ChessBase"]
[SourceDate "2018.07.29"]
[SourceVersion "1"]
[SourceVersionDate "2018.07.29"]
[SourceQuality "1"]

1. e4 c6 2. d4 d5 3. e5 Bf5 4. Nc3 e6 5. g4 Bg6 6. Nge2 c5 7. h4 h5 8. Nf4 Bh7 9. Nxh5 Nc6 10. dxc5 Qc7 11. Bf4 a6 12. Bd3 0-0-0 13. Bxh7 Rxh7 14. Qd3 g6 15. Ng3 Bxc5 16. 0-0-0 Nxe5 17. Qe2 Nd3+ 18. Rxd3 Qxf4+ 19. Kb1 Qxf2 20. Qd1 Be7 21. Rf1 Qb6 22. h5 gxh5 23. Nxh5 Bg5 24. Na4 Qa5 25. b3 f6 26. Qe2 e5 27. Ng3 Rc7 28. Qf2 d4 29. Qf5+ Kb8 30. c4 b5 31. Nb2 Ne7 32. Qe6 Nc6 33. cxb5 axb5 34. a4 Rdc8 35. Ne4 bxa4 36. Nc4 Qb4 37. Ncd6 Nd8 38. Qd5 Rc1+ 39. Rxc1 Rxc1+ 40. Ka2 Rc2+ 0-1

[Event "CZE-chT U18 Extraliga final-A 1718"]
[Site "Czech Republic"]
[Date "2018.04.22"]
[Round "11.2"]
[White "Cerny, David"]
[Black "Hurdzan, Tomas"]
[Result "1/2-1/2"]
[WhiteElo "2113"]
[BlackElo "2141"]
[PlyCount "78"]
[EventDate "2017.10.07"]
[EventType "team-tourn"]
[EventRounds "11"]
[EventCountry "CZE"]
[SourceTitle "EXT 2023"]
[Source "ChessBase"]
[SourceDate "2022.10.05"]
[SourceVersion "1"]
[SourceVersionDate "2022.10.05"]
[SourceQuality "1"]
[WhiteTeam "Polabiny (U18)"]
[BlackTeam "Klatovy (U18)"]
[WhiteTeamCountry "CZE"]
[BlackTeamCountry "CZE"]

1. e4 c5 2. Nf3 Nc6 3. d4 cxd4 4. Nxd4 Nf6 5. Nc3 d6 6. Bg5 e6 7. Qd2 Be7 8. 0-0-0 Nxd4 9. Qxd4 a6 10. f4 b5 11. Bxf6 gxf6 12. f5 Qc7 13. Kb1 Qc5 14. Qd2 h5 15. Bd3 Bd7 16. Rhf1 a5 17. fxe6 fxe6 18. e5 Qxe5 19. Rde1 Qg5 20. Qxg5 fxg5 21. Nxb5 Rc8 22. a4 Rh6 23. c3 Kd8 24. Bc2 d5 25. Nd4 Ke8 26. Bd3 Rb8 27. Re2 Rb6 28. Nb5 Rf6 29. Rxf6 Bxf6 30. Bg6+ Ke7 31. Bxh5 e5 32. Nd4 Kd6 33. Rf2 Bh8 34. Nb5+ Kc5 35. Rf7 Bxb5 36. axb5 Kxb5 37. Be2+ Kc6 38. Rf8 Bg7 39. Rf7 Bh8 1/2-1/2

[Event "CZE-chT U18 Extraliga final-A 1718"]
[Site "Czech Republic"]
[Date "2018.04.21"]
[Round "9.2"]
[White "Cerny, David"]
[Black "Parizek, Vojtech"]
[Result "0-1"]
[WhiteElo "2113"]
[BlackElo "2129"]
[PlyCount "42"]
[EventDate "2017.10.07"]
[EventType "team-tourn"]
[EventRounds "11"]
[EventCountry "CZE"]
[SourceTitle "EXT 2023"]
[Source "ChessBase"]
[SourceDate "2022.10.05"]
[SourceVersion "1"]
[SourceVersionDate "2022.10.05"]
[SourceQuality "1"]
[WhiteTeam "Polabiny (U18)"]
[BlackTeam "Praha Kobylisy (U18)"]
[WhiteTeamCountry "CZE"]
[BlackTeamCountry "CZE"]

1. e4 c5 2. Nf3 Nc6 3. Nc3 Nf6 4. d4 cxd4 5. Nxd4 e5 6. Ndb5 d6 7. Nd5 Nxd5 8. exd5 Ne7 9. c3 Nf5 10. Bd3 Be7 11. a4 0-0 12. c4 Nh4 13. 0-0 f5 14. c5 dxc5 15. d6 Bg5 16. Bc4+ Kh8 17. f4 exf4 18. Bxf4 Bxf4 19. Rxf4 Qg5 20. Rf2 Bd7 21. Qd2 Nf3+ 0-1

[Event "CZE-chT U18 Extraliga final-A 1718"]
[Site "Czech Republic"]
[Date "2018.04.21"]
[Round "10.2"]
[White "Stanek, Ondrej1111"]
[Black "Cerny, David"]
[Result "1-0"]
[WhiteElo "1910"]
[BlackElo "2113"]
[PlyCount "53"]
[EventDate "2017.10.07"]
[EventType "team-tourn"]
[EventRounds "11"]
[EventCountry "CZE"]
[SourceTitle "EXT 2023"]
[Source "ChessBase"]
[SourceDate "2022.10.05"]
[SourceVersion "1"]
[SourceVersionDate "2022.10.05"]
[SourceQuality "1"]
[WhiteTeam "Praha Bohemians (U18)"]
[BlackTeam "Polabiny (U18)"]
[WhiteTeamCountry "CZE"]
[BlackTeamCountry "CZE"]

1. e4 e6 2. d4 c5 3. c3 d5 4. e5 Nc6 5. Nf3 Bd7 6. Bd3 Qb6 7. dxc5 Bxc5 8. 0-0 f6 9. b4 Be7 10. Bf4 fxe5 11. Nxe5 Nf6 12. Nxd7 Nxd7 13. Qh5+ Kd8 14. Be3 Qc7 15. Qg4 Nce5 16. Qxg7 Bf6 17. Bg5 Rf8 18. Bb5 Bxg5 19. Qxg5+ Nf6 20. f4 Qb6+ 21. Kh1 Qxb5 22. Na3 Nf3 23. Rxf3 Qe2 24. Qg7 Nd7 25. c4 dxc4 26. Rff1 c3 27. Rfd1 1-0

[Event "CZE-chT1W 1718"]
[Site "Czech Republic"]
[Date "2018.04.15"]
[Round "11.4"]
[White "Cermak, Michal1111"]
[Black "Cerny, David"]
[Result "1-0"]
[WhiteElo "2085"]
[BlackElo "2111"]
[PlyCount "85"]
[EventDate "2017.10.29"]
[EventType "team-tourn"]
[EventRounds "11"]
[EventCountry "CZE"]
[SourceTitle "EXT 2019"]
[Source "ChessBase"]
[SourceDate "2018.10.10"]
[SourceVersion "1"]
[SourceVersionDate "2018.10.10"]
[SourceQuality "1"]
[WhiteTeam "Lysa nad Labem III"]
[BlackTeam "Polabiny II"]
[WhiteTeamCountry "CZE"]
[BlackTeamCountry "CZE"]

1. d4 Nf6 2. c4 c5 3. d5 e6 4. Nc3 exd5 5. cxd5 d6 6. e4 g6 7. Nf3 Bg7 8. Bd3 0-0 9. h3 b5 10. Bxb5 Nxe4 11. 0-0 Nxc3 12. bxc3 Bxc3 13. Bh6 Bg7 14. Bg5 Bf6 15. Bh6 Bg7 16. Bg5 Bf6 17. Qd2 Ba6 18. a4 Bxb5 19. axb5 Nd7 20. Ra6 Nb6 21. Rfa1 Bxg5 22. Nxg5 Qd7 23. Ne4 f5 24. Ng5 Rfe8 25. h4 h6 26. Nh3 Kh7 27. Nf4 Qe7 28. h5 g5 29. Ne6 Qf7 30. Qa2 Nxd5 31. Qxd5 Qxe6 32. Rxa7+ Rxa7 33. Rxa7+ Kg8 34. Qxe6+ Rxe6 35. b6 Re1+ 36. Kh2 Rb1 37. b7 c4 38. Ra8+ Kf7 39. b8Q Rxb8 40. Rxb8 Ke6 41. Kg1 Ke5 42. Kf1 c3 43. Ke2 1-0

[Event "Pobeskydy op"]
[Site "Frydek Mistek"]
[Date "2018.04.01"]
[Round "7"]
[White "Cerny, David"]
[Black "Rychlik, Zdenek"]
[Result "1-0"]
[WhiteElo "2090"]
[BlackElo "1789"]
[PlyCount "120"]
[EventDate "2018.03.29"]
[EventType "swiss"]
[EventRounds "9"]
[EventCountry "CZE"]
[SourceTitle "CBM 183 Extra"]
[Source "ChessBase"]
[SourceDate "2018.04.19"]
[SourceVersion "1"]
[SourceVersionDate "2018.04.19"]
[SourceQuality "1"]

1. e4 c5 2. Nf3 g6 3. d4 cxd4 4. Nxd4 Bg7 5. Be3 d6 6. Nc3 Nf6 7. f3 Nc6 8. Qd2 Bd7 9. Bc4 a6 10. Bb3 Rc8 11. g4 h6 12. h4 Ne5 13. 0-0-0 Nc4 14. Bxc4 Rxc4 15. Nde2 Qa5 16. Kb1 Bc6 17. Bd4 Rxd4 18. Nxd4 Nd7 19. h5 g5 20. Nf5 Be5 21. Ne2 Qb6 22. c3 Nc5 23. Nxh6 Bb5 24. Nf5 Bd3+ 25. Qxd3 Nxd3 26. Rxd3 Qf2 27. Nc1 b5 28. Rhd1 a5 29. Nb3 Qb6 30. Rd5 b4 31. h6 bxc3 32. Rxa5 c2+ 33. Kxc2 Qf2+ 34. Rd2 Qxf3 35. Rxe5 Rxh6 36. Rxe7+ Kf8 37. Rxf7+ Kxf7 38. Nxh6+ Ke8 39. Rd4 Qf2+ 40. Kc3 Qe1+ 41. Kc4 Qe2+ 42. Kc3 Qe1+ 43. Nd2 Qc1+ 44. Kb3 Qc5 45. Nf5 Qb5+ 46. Kc2 Qe2 47. Nxd6+ Ke7 48. e5 Ke6 49. N6c4 Qf2 50. Rd6+ Ke7 51. Rg6 Qf4 52. Rf6 Qxg4 53. a4 Qd7 54. a5 g4 55. Ne4 Qa4+ 56. Kc3 Qd1 57. Ncd6 Qe1+ 58. Kb3 g3 59. Nf5+ Kd7 60. e6+ Kc7 1-0

[Event "CZE-chT1W 1718"]
[Site "Czech Republic"]
[Date "2018.03.25"]
[Round "10.4"]
[White "Istona, Martin"]
[Black "Cerny, David"]
[Result "1-0"]
[WhiteElo "2240"]
[BlackElo "2111"]
[PlyCount "91"]
[EventDate "2017.10.29"]
[EventType "team-tourn"]
[EventRounds "11"]
[EventCountry "CZE"]
[SourceTitle "EXT 2019"]
[Source "ChessBase"]
[SourceDate "2018.10.10"]
[SourceVersion "1"]
[SourceVersionDate "2018.10.10"]
[SourceQuality "1"]
[WhiteTeam "Pankrac"]
[BlackTeam "Polabiny II"]
[WhiteTeamCountry "CZE"]
[BlackTeamCountry "CZE"]

1. e4 c5 2. Nf3 Nc6 3. d4 cxd4 4. Nxd4 g6 5. Nc3 Bg7 6. Be3 Nf6 7. Bc4 Qa5 8. 0-0 0-0 9. Bb3 Ng4 10. Qxg4 Nxd4 11. Qd1 Nc6 12. Qd2 d6 13. Rfe1 Qh5 14. Nd5 e6 15. Nc3 b6 16. h3 Ba6 17. Rad1 Rac8 18. f4 Rfd8 19. f5 exf5 20. Bg5 Nd4 21. Bxd8 Rxd8 22. Bd5 fxe4 23. Rxe4 Ne6 24. Bxe6 fxe6 25. Rxe6 Rf8 26. Rxd6 Qc5+ 27. Kh1 Bb7 28. Rd8 Qh5 29. Rxf8+ Bxf8 30. Qe3 Qf5 31. Qd3 Qe6 32. Nd5 g5 33. Qf3 Bg7 34. Nf6+ Bxf6 35. Qxb7 g4 36. hxg4 Qxg4 37. Qd5+ Kh8 38. Qa8+ Kg7 39. Qxa7+ Kg6 40. Qd7 Qh5+ 41. Kg1 Qc5+ 42. Kf1 Kh6 43. Qe6 Qg5 44. Rd6 Qc1+ 45. Kf2 Qxc2+ 46. Kf3 1-0